000 00515nam a2200157Ia 4500
008 230907s9999||||xx |||||||||||||| ||und||
082 _a621.31
_bARS
100 _aArslan Rafique (00000318097)
_9116720
245 0 _aReal Time Detection of Partial Shading in the Photovoltaic System Using New Fuzzy Logic Technique /
260 _aUSPCAS-E, NUST,
_bIslamabad :
_c2022
300 _axii, 41 p.
520 _aTH-389
650 _aMS-EEP Thesis MS Thesis
700 _aDr Abasin Ulasyar
_9117719
942 _cTHE
_2ddc
999 _c602067
_d602067